Engineering mathematics for marine applications / (Record no. 3296)
[ view plain ]
| 000 -LEADER | |
|---|---|
| fixed length control field | 02554nam a2200361 i 4500 |
| 006 - FIXED-LENGTH DATA ELEMENTS--ADDITIONAL MATERIAL CHARACTERISTICS--GENERAL INFORMATION | |
| fixed length control field | m|||||o||d|||||||| |
| 007 - PHYSICAL DESCRIPTION FIXED FIELD--GENERAL INFORMATION | |
| fixed length control field | cr|||||||||||| |
| 008 - FIXED-LENGTH DATA ELEMENTS--GENERAL INFORMATION | |
| fixed length control field | 170405s2023||||enk o ||1 0|eng|d |
| 020 ## - INTERNATIONAL STANDARD BOOK NUMBER | |
| International Standard Book Number | 9781108363235 (ebook) |
| 040 ## - CATALOGING SOURCE | |
| Original cataloging agency | IMU Kochi Library |
| Language of cataloging | eng |
| 041 0# - LANGUAGE CODE | |
| Language code of text/sound track or separate title | eng |
| 082 00 - DEWEY DECIMAL CLASSIFICATION NUMBER | |
| Classification number | 620/.4162015118 |
| Edition number | 23/eng/20221223 |
| 100 1# - MAIN ENTRY--PERSONAL NAME | |
| Personal name | Korde, Umesh A., |
| 245 10 - TITLE STATEMENT | |
| Title | Engineering mathematics for marine applications / |
| 300 ## - PHYSICAL DESCRIPTION | |
| Extent | 1 online resource (xiii, 413 pages) : |
| Other physical details | digital, PDF file(s). |
| 500 ## - GENERAL NOTE | |
| General note | Title from publisher's bibliographic system (viewed on 11 May 2023). |
| 505 0# - FORMATTED CONTENTS NOTE | |
| Formatted contents note | Vector calculus-I -- Vector calculus-II -- Complex variables -- Fourier analysis -- Ordinary differential equations-I -- Ordinary differential equations-II -- Partial differential equations-I -- Partial differential equations-II -- Dimensional analysis -- Viscous-fluid flow -- Ideal-fluid flow -- Water waves -- Wave diffraction and wave loads -- Prescribed body motions and floating bodies -- Irregular-sea analysis -- Introduction to analytical dynamics. |
| 520 ## - SUMMARY, ETC. | |
| Summary, etc | Gaining expertise in marine floating systems typically requires access to multiple resources to obtain the knowledge required, but this book fills the long-felt need for a single cohesive source that brings together the mathematical methods and dynamic analysis techniques required for a meaningful analysis, primarily, of large and small bodies in oceans. You will be introduced to fundamentals such as vector calculus, Fourier analysis, and ordinary and partial differential equations. Then you'll be taken through dimensional analysis of marine systems, viscous and inviscid flow around structures surface waves, and floating bodies in waves. Real-life applications are discussed and end of chapter problems help ensure full understanding. Students and practicing engineers will find this an invaluable resource for developing problem solving and design skills in a challenging ocean environment through the use of engineering mathematics. |
| 650 #0 - SUBJECT ADDED ENTRY--TOPICAL TERM | |
| Topical term or geographic name as entry element | Ocean engineering |
| General subdivision | Mathematical models. |
| 650 #0 - SUBJECT ADDED ENTRY--TOPICAL TERM | |
| Topical term or geographic name as entry element | Engineering mathematics. |
| 700 1# - ADDED ENTRY--PERSONAL NAME | |
| Personal name | Ertekin, Rifat Cengiz, |
| Relator term | |
| 852 ## - LOCATION/CALL NUMBER | |
| Location | IMU Kochi Library |
| 856 40 - ELECTRONIC LOCATION AND ACCESS | |
| Uniform Resource Identifier | <a href="https://doi.org/10.1017/9781108363235">https://doi.org/10.1017/9781108363235</a> |
| 904 ## - LOCAL DATA ELEMENT D, LDD (RLIN) | |
| CATALOGER | Rudra Ranjan |
| 905 ## - LOCAL DATA ELEMENT E, LDE (RLIN) | |
| VERIFIER | Rudra Ranjan |
| 942 ## - ADDED ENTRY ELEMENTS (KOHA) | |
| Item type | E-Book |
| 264 #1 - | |
| -- | Cambridge ; |
| -- | New York, NY : |
| -- | Cambridge University Press, |
| -- | 2023. |
| 338 ## - | |
| -- | online resource |
No items available.